000 00643pab a2200217 454500
008 180718b2000 xxu||||| |||| 00| 0 eng d
100 _aIsvilanonda, Somporn
245 _aRecent changes in Thailand's rural economy: evidence from six villages
260 _c2000
300 _ap.4644-649
362 _a30 Dec
650 _aIncome distribution - Thailand
650 _aPoverty - Thailand
650 _aEconomic and social development - Thailand
650 _aRural economy - Thailand
650 _aRural economy
700 _aHossain, Mahabub
700 _aAhmad, Alla
773 _aEconomic and Political Weekly
909 _a47362
999 _c47362
_d47362